| 000 | 00399cam a2200145ua 4500 | ||
|---|---|---|---|
| 003 | OSt | ||
| 008 | 231027b |||||||| |||| 00| 0 eng d | ||
| 041 | _aeng | ||
| 082 |
_a028.72664 _bSTA/BI |
||
| 245 | _aBiological treatment of food processing wastewater design and operations manual / | ||
| 250 | _a1 / | ||
| 260 |
_aJodhpur : _bDivyajyothi Prakashan , _c1989. |
||
| 300 | _a183 ; . | ||
| 942 | _cBK | ||
| 999 |
_c5456 _d5456 |
||